| 000 | 00658nam a2200193 4500 | ||
|---|---|---|---|
| 008 | 170329b xxu||||| |||| 00| 0 eng d | ||
| 020 | _a0-02-405294-9 | ||
| 082 |
_21994 _aDC 150.72 _bSa3 |
||
| 100 |
_919621 _aSalkind, Neil J. |
||
| 245 |
_aExploring research/ _cNeil J. Salkind. |
||
| 250 | _aSecond Edition. | ||
| 260 |
_aEnglewoods Cliffs, New Jersey: _bPrentice Hall, _cc1994. |
||
| 300 |
_axxii, 386 pages: _billustrations; _c28 cm. |
||
| 500 | _aIncludes bibliographical references and index. | ||
| 650 | 0 |
_919622 _aPsychology _xResearch _xMethodology |
|
| 650 | 0 |
_919623 _aEducation _xResearch _xMethodology |
|
| 365 |
_b1,961.00 _cPhp |
||
| 942 |
_2ddc _cDC |
||
| 999 |
_c6487 _d6487 |
||